[Event "Quebec op"]
[Site "Montreal CAN"]
[Date "2023.07.29"]
[Round "2.13"]
[White "Gadbois, Patrick"]
[Black "Zhang, Chu Hang"]
[Result "0-1"]
[WhiteElo "1687"]
[BlackElo "1953"]
[PlyCount "92"]
[EventDate "2023.07.29"]
[EventType "swiss"]
[EventRounds "9"]
[EventCountry "CAN"]

1. d4 d5 2. Nf3 Nf6 3. e3 c5 4. c3 Nc6 5. Bd3 Qc7 6. Nbd2 e5 7. dxe5 Nxe5 8.
Nxe5 Qxe5 9. Nf3 Qc7 10. h3 a6 11. a4 h6 12. c4 Be6 13. b3 Be7 14. Qc2 O-O 15.
Bb2 dxc4 16. bxc4 Ne8 17. O-O Bf6 18. Rab1 Bxb2 19. Qxb2 Rd8 20. Qc2 Nd6 21.
Rfd1 Rfe8 22. e4 Nc8 23. e5 Ne7 24. Bh7+ Kh8 25. Be4 Nc6 26. Bxc6 Qxc6 27. Rxd8
Rxd8 28. a5 Qc7 29. Rb6 Bd7 30. Qe4 Bc6 31. Qf5 Rd1+ 32. Kh2 Ra1 33. Nh4 Rxa5
34. Rb2 Ra1 35. Rd2 Kg8 36. f4 Rf1 37. Rd6 Qe7 38. Qd3 Rxf4 39. Rd8+ Be8 40.
Qd6 Qxh4 41. Rxe8+ Kh7 42. Qd3+ g6 43. e6 Rd4 44. exf7 Qf4+ 45. g3 Qf2+ 46. Kh1
Rxd3 0-1

[Event "Quebec op"]
[Site "Montreal CAN"]
[Date "2023.07.29"]
[Round "2.14"]
[White "Batorshyn, Ilia"]
[Black "Deboosere, Adam"]
[Result "1-0"]
[WhiteElo "2014"]
[BlackElo "1745"]
[PlyCount "115"]
[EventDate "2023.07.29"]
[EventType "swiss"]
[EventRounds "9"]
[EventCountry "CAN"]

1. Nf3 Nf6 2. c4 c5 3. Nc3 Nc6 4. g3 g6 5. Bg2 Bg7 6. O-O a6 7. d4 cxd4 8. Nxd4
Nxd4 9. Qxd4 O-O 10. b3 d5 11. cxd5 Nxd5 12. Qxd5 Qxd5 13. Nxd5 Bxa1 14. Nxe7+
Kh8 15. Ba3 Bg7 16. Nxc8 Raxc8 17. Bxf8 Bxf8 18. Bxb7 Rc2 19. Bxa6 Rxa2 20. Bc4
Ra7 21. Rd1 Kg7 22. Kg2 Be7 23. e4 g5 24. Rd5 Rb7 25. Rf5 f6 26. Ra5 h6 27. Kf3
h5 28. Ke3 Bb4 29. Rd5 Ra7 30. h4 Be7 31. Be2 Rb7 32. Bc4 Ra7 33. Rf5 Kg6 34.
Bd3 Rd7 35. Rb5 Ra7 36. e5+ Kh6 37. exf6 Bxf6 38. hxg5+ Bxg5+ 39. f4 Bd8 40.
Be2 Ra5 41. Rb7 Ra7 42. Rb8 Rd7 43. Rb5 h4 44. g4 Re7+ 45. Kf3 Kg7 46. Rg5+ Kf8
47. Rf5+ Kg7 48. Rg5+ Kf8 49. Bc4 Rh7 50. Rg8+ Ke7 51. Bd3 Rh6 52. g5 Rd6 53.
Bc4 Rd1 54. Rh8 Bc7 55. Rxh4 Rd4 56. Rh7+ Kd8 57. Rf7 Bd6 58. g6 1-0

[Event "Quebec op"]
[Site "Montreal CAN"]
[Date "2023.07.29"]
[Round "2.15"]
[White "Pomerantz, Daniel"]
[Black "Di Matteo, Alessio"]
[Result "1-0"]
[WhiteElo "1979"]
[BlackElo "1677"]
[PlyCount "65"]
[EventDate "2023.07.29"]
[EventType "swiss"]
[EventRounds "9"]
[EventCountry "CAN"]

1. e4 c5 2. Nf3 e6 3. d4 cxd4 4. Nxd4 a6 5. c4 Nf6 6. Nc3 Qc7 7. a3 b6 8. Bd3
Bb7 9. O-O Nc6 10. Nxc6 Bxc6 11. Qe2 d6 12. Nd5 Qb8 13. Bg5 Nd7 14. f4 f6 15.
Bh4 Kf7 16. Rae1 Bb7 17. Nc3 g6 18. f5 e5 19. Nd5 Bxd5 20. exd5 g5 21. Qh5+ Ke7
22. Bf2 Qe8 23. Qe2 h5 24. b4 Bh6 25. c5 bxc5 26. bxc5 dxc5 27. d6+ Kxd6 28.
Bxa6 g4 29. Bb5 Kc7 30. Bxc5 Qf7 31. Bf2 Rxa3 32. Qc2+ Kb8 33. Bxd7 1-0

[Event "Quebec op"]
[Site "Montreal CAN"]
[Date "2023.07.29"]
[Round "2.16"]
[White "Chang, Alexander"]
[Black "Guillemette, Hugo"]
[Result "1-0"]
[WhiteElo "1704"]
[BlackElo "1955"]
[PlyCount "117"]
[EventDate "2023.07.29"]
[EventType "swiss"]
[EventRounds "9"]
[EventCountry "CAN"]

1. e4 c5 2. Nc3 e6 3. Nge2 Nc6 4. d3 Nf6 5. g3 d5 6. exd5 exd5 7. Bg2 d4 8. Ne4
Be7 9. O-O O-O 10. Nf4 Re8 11. Re1 Bd7 12. Nxf6+ Bxf6 13. Rxe8+ Qxe8 14. Nd5
Be5 15. Bf4 Bxf4 16. Nxf4 Qe5 17. Be4 Re8 18. a3 Nd8 19. Qd2 Bc6 20. Re1 Qd6
21. Bxc6 Qxc6 22. Rxe8+ Qxe8 23. Qa5 Qe7 24. Qxa7 g6 25. Qb8 Kg7 26. Nd5 Nc6
27. Nxe7 Nxb8 28. Nd5 f5 29. f4 Kf7 30. Kf2 Nd7 31. c4 dxc3 32. bxc3 Ke6 33. c4
Nb8 34. Ke3 Nc6 35. Nc7+ Kd7 36. Nb5 Na5 37. Kd2 b6 38. Kc3 Nb7 39. d4 Kc6 40.
Na7+ Kd7 41. Kd3 Na5 42. Nb5 Kc6 43. Nc3 Nb7 44. h3 Nd6 45. g4 h5 46. gxh5 gxh5
47. h4 Nf7 48. Nd5 Nd6 49. Nf6 b5 50. cxb5+ Nxb5 51. dxc5 Kxc5 52. Nxh5 Nxa3
53. Ng7 Nb5 54. Nxf5 Nc7 55. Ke4 Nd5 56. Ke5 Nb4 57. h5 Nd3+ 58. Ke4 Nf2+ 59.
Kf3 1-0

[Event "Quebec op"]
[Site "Montreal CAN"]
[Date "2023.07.29"]
[Round "2.17"]
[White "Singher, Jean-Pierre"]
[Black "Berube, Maximilien"]
[Result "*"]
[WhiteElo "1934"]
[BlackElo "1655"]
[PlyCount "84"]
[EventDate "2023.07.29"]
[EventType "swiss"]
[EventRounds "9"]
[EventCountry "CAN"]

1. d4 Nf6 2. Bf4 d5 3. Nc3 a6 4. e3 Bf5 5. f3 h5 6. Bd3 Bxd3 7. cxd3 e6 8. Nge2
Be7 9. Rc1 Nbd7 10. Qb3 b6 11. e4 c5 12. Na4 Rc8 13. O-O O-O 14. Rfd1 b5 15.
Nxc5 Bxc5 16. dxc5 Nxc5 17. Qa3 Na4 18. Be3 e5 19. b3 d4 20. Bd2 Nc3 21. Bxc3
dxc3 22. Qxa6 b4 23. d4 Qe7 24. d5 Qc5+ 25. Kf1 Ra8 26. Qc4 Nd7 27. Qxc5 Nxc5
28. Nxc3 bxc3 29. Rxc3 Nb7 30. a4 Nd6 31. Rc6 Rfd8 32. Rdc1 f5 33. Re1 fxe4 34.
fxe4 Rab8 35. Re3 Rb4 36. a5 Kf8 37. a6 Rd4 38. a7 Rd1+ 39. Ke2 Ra1 40. Rf3+
Ke7 41. Rg3 Rxa7 42. Rxg7+ Nf7 {
Both players phones rang. Les cellulaires des ces deux joueurs sont sonnés.} *

[Event "Quebec op"]
[Site "Montreal CAN"]
[Date "2023.07.29"]
[Round "2.18"]
[White "Wang, Rachel"]
[Black "Libersan, Thierry"]
[Result "1/2-1/2"]
[WhiteElo "1675"]
[BlackElo "1920"]
[PlyCount "73"]
[EventDate "2023.07.29"]
[EventType "swiss"]
[EventRounds "9"]
[EventCountry "CAN"]

1. d4 d5 2. c4 e5 3. dxe5 d4 4. Nf3 Nc6 5. a3 Nge7 6. Nbd2 Bg4 7. h3 Bxf3 8.
Nxf3 Ng6 9. e3 dxe3 10. Bxe3 Qxd1+ 11. Rxd1 Be7 12. Bd4 O-O-O 13. Bc3 Rhe8 14.
Bd3 f6 15. Bf5+ Kb8 16. Bxg6 hxg6 17. O-O g5 18. Rfe1 Kc8 19. Rxd8+ Bxd8 20.
Kf1 f5 21. b4 Be7 22. b5 Nd8 23. e6 g4 24. hxg4 fxg4 25. Nh2 g3 26. fxg3 g6 27.
a4 Bd6 28. Ng4 Bxg3 29. Re3 Bd6 30. Nf6 Rxe6 31. Ke2 Bc5 32. Rxe6 Nxe6 33. Kf3
Bd6 34. Ne4 Be7 35. Kg4 Kd7 36. Kf3 b6 37. Ke3 1/2-1/2

[Event "Quebec op"]
[Site "Montreal CAN"]
[Date "2023.07.29"]
[Round "2.19"]
[White "Enkh-Amar, Galbadrakh"]
[Black "Peloquin, Charli"]
[Result "1-0"]
[WhiteElo "2171"]
[BlackElo "1791"]
[PlyCount "51"]
[EventDate "2023.07.29"]
[EventType "swiss"]
[EventRounds "9"]
[EventCountry "CAN"]

1. e4 Nf6 2. e5 Nd5 3. d4 d6 4. Nf3 dxe5 5. dxe5 g6 6. Bc4 c6 7. Nc3 Be6 8. Ng5
Bg7 9. Nxd5 Bxd5 10. Bxd5 cxd5 11. e6 fxe6 12. Nxe6 Qd6 13. Nxg7+ Kf7 14. Bh6
Nd7 15. O-O Nf6 16. Re1 e5 17. c4 d4 18. Qf3 Qe7 19. c5 Rhd8 20. Qb3+ Rd5 21.
Rad1 Qc7 22. Rxe5 Qxe5 23. Qxb7+ Rd7 24. Qxa8 Qxc5 25. Qf3 Qb5 26. Ne8 1-0

[Event "Quebec op"]
[Site "Montreal CAN"]
[Date "2023.07.29"]
[Round "2.20"]
[White "Jiang, Barron Jiyu"]
[Black "Eltafi, Ali Sina"]
[Result "1-0"]
[WhiteElo "1764"]
[BlackElo "1394"]
[PlyCount "57"]
[EventDate "2023.07.29"]
[EventType "swiss"]
[EventRounds "9"]
[EventCountry "CAN"]

1. e4 e5 2. Nf3 Nc6 3. d4 exd4 4. Nxd4 Bc5 5. Nxc6 Qh4 6. Nd4 d5 7. Be3 Qxe4 8.
Nd2 Qg6 9. Qe2 c6 10. Nxc6 Bxe3 11. Qxe3+ Be6 12. Nd4 Ke7 13. Qa3+ Kf6 14. Bd3
Qg4 15. N4f3 Ne7 16. Qc3+ d4 17. Nxd4 Nd5 18. Ne4+ Ke7 19. Qc5+ Kd8 20. Qd6+
Kc8 21. Nc6 a6 22. Ne5 Qh5 23. Be2 Qh4 24. Bf3 Re8 25. c4 Rd8 26. Qc5+ Nc7 27.
Nd6+ Kb8 28. Nc6+ bxc6 29. Qb6# 1-0

[Event "Quebec op"]
[Site "Montreal CAN"]
[Date "2023.07.30"]
[Round "3.3"]
[White "Tanaka, Tyler"]
[Black "Rozentalis, Eduardas"]
[Result "1/2-1/2"]
[WhiteElo "2297"]
[BlackElo "2496"]
[PlyCount "67"]
[EventDate "2023.07.29"]
[EventType "swiss"]
[EventRounds "9"]
[EventCountry "CAN"]

1. d4 Nf6 2. c4 e6 3. Nc3 Bb4 4. Qc2 d6 5. Bg5 Nbd7 6. e3 b6 7. Nge2 Bb7 8. f3
c5 9. a3 Bxc3+ 10. Nxc3 cxd4 11. exd4 a6 12. Bd3 Qc7 13. O-O h6 14. Bh4 O-O 15.
Rae1 Rac8 16. Qe2 Rfe8 17. f4 d5 18. cxd5 exd5 19. Qf3 Qd6 20. Bf5 Ne4 21. Nxe4
dxe4 22. Bxe4 Rxe4 23. Rxe4 f5 24. Re6 Qxe6 25. Qxb7 Rc2 26. Qxa6 Qe4 27. Bf2
Kh7 28. Qb5 Nf6 29. Qe5 Rxb2 30. Qxe4 Nxe4 31. d5 b5 32. Be1 Rb3 33. Bb4 Rd3
34. d6 1/2-1/2

[Event "Quebec op"]
[Site "Montreal CAN"]
[Date "2023.07.30"]
[Round "3.6"]
[White "Zheng, Richard"]
[Black "Zhong, Kevin"]
[Result "1/2-1/2"]
[WhiteElo "2214"]
[BlackElo "2143"]
[PlyCount "61"]
[EventDate "2023.07.29"]
[EventType "swiss"]
[EventRounds "9"]
[EventCountry "CAN"]

1. d4 d5 2. c4 c6 3. Nc3 Nf6 4. Nf3 e6 5. Bg5 Nbd7 6. cxd5 exd5 7. e3 h6 8. Bh4
g5 9. Bg3 Nh5 10. Bd3 Nxg3 11. hxg3 Bg7 12. Qc2 Nb6 13. O-O-O Be6 14. Kb1 Qe7
15. Nd2 O-O-O 16. Nb3 Kb8 17. Nc5 h5 18. N3a4 Nxa4 19. Qxa4 Qc7 20. Rc1 Bf8 21.
Rc3 Bxc5 22. dxc5 d4 23. exd4 Qd7 24. Bc2 Qxd4 25. Qxd4 Rxd4 26. Rd1 Rhd8 27.
Rxd4 Rxd4 28. Bb3 Bxb3 29. Rxb3 Rd5 30. Rf3 f5 31. b4 1/2-1/2

[Event "Quebec op"]
[Site "Montreal CAN"]
[Date "2023.07.30"]
[Round "3.7"]
[White "Zhu, Hong Rui"]
[Black "Mok, Yuen Tak"]
[Result "1-0"]
[WhiteElo "2176"]
[BlackElo "1841"]
[PlyCount "107"]
[EventDate "2023.07.29"]
[EventType "swiss"]
[EventRounds "9"]
[EventCountry "CAN"]

1. e4 c6 2. d4 d5 3. exd5 cxd5 4. Bd3 Nc6 5. c3 Nf6 6. Bf4 Bg4 7. Qb3 Qd7 8.
Nd2 e6 9. Ngf3 Bd6 10. Bg3 O-O 11. O-O Bxf3 12. Nxf3 Bxg3 13. fxg3 Ne4 14. g4
f5 15. gxf5 exf5 16. Rae1 Rae8 17. Re2 a6 18. Nd2 Kh8 19. Qd1 Rf7 20. a3 Re6
21. Bb1 Re8 22. Ba2 Rfe7 23. Nb3 g6 24. Nc1 Nf6 25. Rfe1 Rxe2 26. Rxe2 Rxe2 27.
Qxe2 Qe7 28. Qxe7 Nxe7 29. Nd3 b6 30. Ne5 Kg7 31. Kf2 Kf8 32. Ke3 g5 33. g3 Ng6
34. Nf3 h6 35. Bb1 Ng4+ 36. Ke2 Ne7 37. h4 f4 38. gxf4 gxf4 39. Ne1 Kf7 40. Ng2
Ke6 41. Nxf4+ Kd6 42. Nh5 Ng8 43. Kf3 N4f6 44. Ng7 Ke7 45. Kf4 Kf7 46. Nf5 Ke6
47. Ng3 Ne7 48. Bc2 Neg8 49. Bf5+ Kd6 50. Bc8 a5 51. Nf5+ Kc6 52. Be6 Kc7 53.
Bxg8 Nxg8 54. Ke5 1-0

[Event "Quebec op"]
[Site "Montreal CAN"]
[Date "2023.07.30"]
[Round "3.9"]
[White "Dukic, Zachary"]
[Black "Turcotte, Jonathan"]
[Result "1-0"]
[WhiteElo "2196"]
[BlackElo "1921"]
[PlyCount "87"]
[EventDate "2023.07.29"]
[EventType "swiss"]
[EventRounds "9"]
[EventCountry "CAN"]

1. e4 c6 2. Nc3 d5 3. Nf3 Bg4 4. h3 Bxf3 5. Qxf3 e6 6. Be2 Nf6 7. O-O Be7 8. d4
O-O 9. Rd1 dxe4 10. Nxe4 Nxe4 11. Qxe4 Nd7 12. Bf3 Nf6 13. Qd3 Qc7 14. Qb3 Rfd8
15. g3 Qb6 16. Kg2 Rd7 17. c4 Qxb3 18. axb3 a6 19. g4 h6 20. Be3 Rad8 21. h4
Nh7 22. Kh3 Bf6 23. d5 cxd5 24. cxd5 exd5 25. Bb6 Re8 26. Rxd5 Nf8 27. Rxd7
Nxd7 28. Be3 Bxb2 29. Ra2 Bc3 30. Bxb7 a5 31. Rc2 Bb4 32. Rc7 Re7 33. Rc8+ Kh7
34. Bd5 Nf6 35. Bc4 Rd7 36. Ra8 Ne4 37. Bb5 Rd6 38. Ra7 Kg8 39. Bc4 Rf6 40.
Ra8+ Bf8 41. Kg2 Rg6 42. Bd3 Rxg4+ 43. Kf3 f5 44. Bc4+ 1-0

[Event "Quebec op"]
[Site "Montreal CAN"]
[Date "2023.07.30"]
[Round "3.11"]
[White "Jiang, Barron Jiyu"]
[Black "Batorshyn, Ilia"]
[Result "0-1"]
[WhiteElo "1764"]
[BlackElo "2014"]
[PlyCount "122"]
[EventDate "2023.07.29"]
[EventType "swiss"]
[EventRounds "9"]
[EventCountry "CAN"]

1. e4 e5 2. Nf3 Nc6 3. d4 exd4 4. Nxd4 Nf6 5. Nc3 Bb4 6. Nxc6 bxc6 7. Bd3 O-O
8. O-O d5 9. exd5 cxd5 10. Bg5 c6 11. h3 Be7 12. Re1 Be6 13. Ne2 Nd7 14. Bxe7
Qxe7 15. Nd4 Qd6 16. c4 Rfe8 17. cxd5 Bxd5 18. Nf5 Qf6 19. Rxe8+ Rxe8 20. Qd2
Nc5 21. Re1 Ne6 22. b3 h5 23. Ng3 g6 24. Qh6 Qg7 25. Qxg7+ Kxg7 26. Kf1 Bxg2+
27. Kxg2 Nf4+ 28. Kf3 Rxe1 29. Kxf4 Rd1 30. Ke3 h4 31. Nf1 Kf6 32. Nd2 Ke6 33.
Bc4+ Ke7 34. Ke2 Rh1 35. Nf1 Rg1 36. Kf3 f5 37. Ne3 Kf6 38. a4 g5 39. Bd3 g4+
40. hxg4 h3 41. g5+ Kxg5 42. Nf1 a5 43. Bc4 Kf6 44. Nh2 Rg2 45. Nf1 Ke5 46. Bd3
f4 47. Ba6 Rg1 48. Bc4 Kf5 49. Bd3+ Kg5 50. Bc4 Kf5 51. Ba6 Ke5 52. Bc4 c5 53.
Bb5 Rg6 54. Nh2 Kd4 55. Bf1 Kc3 56. Bxh3 Rh6 57. Kg2 Kxb3 58. Bd7 c4 59. Ng4
Rd6 60. Be8 c3 61. Bf7+ Kxa4 0-1

[Event "Quebec op"]
[Site "Montreal CAN"]
[Date "2023.07.30"]
[Round "3.12"]
[White "Robichaud, Louis"]
[Black "Chang, Alexander"]
[Result "0-1"]
[WhiteElo "2008"]
[BlackElo "1704"]
[PlyCount "80"]
[EventDate "2023.07.29"]
[EventType "swiss"]
[EventRounds "9"]
[EventCountry "CAN"]

1. e4 e5 2. f4 Bc5 3. Nf3 d6 4. Nc3 Nc6 5. Bb5 Bg4 6. h3 Bxf3 7. Qxf3 Nf6 8. d3
O-O 9. Bxc6 bxc6 10. f5 d5 11. Bg5 Bb4 12. O-O Bxc3 13. bxc3 dxe4 14. dxe4 h6
15. Be3 Qe7 16. a4 a5 17. Bf2 Rfd8 18. Qe2 Rab8 19. g4 Rd7 20. Kh1 Rbd8 21. Be1
Qc5 22. h4 Ne8 23. g5 Nd6 24. gxh6 Qc4 25. Qxc4 Nxc4 26. Rg1 f6 27. Bf2 Kh7 28.
Rxg7+ Rxg7 29. hxg7 Kxg7 30. Rg1+ Kf7 31. Rg3 Nd6 32. Rh3 Nxe4 33. Be3 Nd6 34.
h5 Nxf5 35. Bc5 Rh8 36. Kg2 Ng7 37. Rd3 Ke6 38. h6 Rxh6 39. Rd8 Rh4 40. Bf2
Rxa4 0-1

[Event "Quebec op"]
[Site "Montreal CAN"]
[Date "2023.07.30"]
[Round "3.13"]
[White "Enkh-Amar, Galbadrakh"]
[Black "Luksza, Arkadiusz"]
[Result "0-1"]
[WhiteElo "2130"]
[BlackElo "1991"]
[PlyCount "76"]
[EventDate "2023.07.29"]
[EventType "swiss"]
[EventRounds "9"]
[EventCountry "CAN"]

1. e4 c5 2. Nf3 Nc6 3. d4 cxd4 4. Nxd4 Nf6 5. Nc3 e5 6. Ndb5 d6 7. Bg5 a6 8.
Na3 b5 9. Nd5 Be7 10. Bxf6 Bxf6 11. c3 Bg5 12. Nc2 O-O 13. g3 Rb8 14. Bg2 Be6
15. Nce3 Ne7 16. O-O Kh8 17. Qd3 Bxe3 18. Nxe3 f5 19. exf5 Nxf5 20. Rfd1 Nxe3
21. Qxe3 Qc7 22. Rd2 Rbd8 23. a4 Qc5 24. axb5 Qxb5 25. Qa7 Bc4 26. Qe7 Rfe8 27.
Qh4 d5 28. Be4 h6 29. Bc2 Qxb2 30. Rad1 Qxc3 31. Bg6 Rf8 32. Rc2 Qf3 33. Re1
Qf6 34. Qh5 Rd6 35. Be8 Bd3 36. Rd2 e4 37. Ba4 Qc3 38. Qd1 Rdf6 0-1

[Event "Quebec op"]
[Site "Montreal CAN"]
[Date "2023.07.30"]
[Round "3.16"]
[White "Gingras, Philippe"]
[Black "Wang, Rachel"]
[Result "1-0"]
[WhiteElo "1961"]
[BlackElo "1675"]
[PlyCount "81"]
[EventDate "2023.07.29"]
[EventType "swiss"]
[EventRounds "9"]
[EventCountry "CAN"]

1. d4 d5 2. Nc3 Nf6 3. Bf4 a6 4. e3 Bf5 5. Nf3 h6 6. Ne5 e6 7. Bd3 Bxd3 8. cxd3
c5 9. dxc5 Bxc5 10. d4 Be7 11. O-O O-O 12. Rc1 Nbd7 13. a3 Nxe5 14. Bxe5 Nd7
15. Bg3 b5 16. Nb1 Nb6 17. Bc7 Qd7 18. Bxb6 Rac8 19. Qd2 Rc6 20. Bc5 Rfc8 21.
Bxe7 Qxe7 22. Rxc6 Rxc6 23. Rc1 Qc7 24. Rxc6 Qxc6 25. Qc3 Qb6 26. Nd2 a5 27.
Qc5 Qb7 28. g3 Qa6 29. Nf3 b4 30. axb4 Qe2 31. Kg2 a4 32. Qc8+ Kh7 33. Qc3 f6
34. Ne1 Qg4 35. Qd3+ f5 36. b5 Qg5 37. b6 Qe7 38. Qb5 Qb7 39. Nd3 Kg6 40. Nc5
Qb8 41. b7 1-0

[Event "Quebec op"]
[Site "Montreal CAN"]
[Date "2023.07.30"]
[Round "3.17"]
[White "Libersan, Thierry"]
[Black "Guillemette, Hugo"]
[Result "1/2-1/2"]
[WhiteElo "1920"]
[BlackElo "1955"]
[PlyCount "131"]
[EventDate "2023.07.29"]
[EventType "swiss"]
[EventRounds "9"]
[EventCountry "CAN"]

1. e4 c5 2. Nf3 e6 3. d4 cxd4 4. Nxd4 Nc6 5. Nc3 Qc7 6. Be2 a6 7. O-O Nf6 8.
Kh1 Nxd4 9. Qxd4 Bc5 10. Qd3 O-O 11. Bg5 Be7 12. f4 d6 13. Qg3 b5 14. Bd3 b4
15. Nb1 Bb7 16. Nd2 Rfc8 17. Rae1 Kh8 18. Qh4 Ng8 19. e5 h6 20. Bxe7 Nxe7 21.
exd6 Qxd6 22. Ne4 Qd8 23. Qh5 Kg8 24. Ng3 Qd5 25. Qxd5 Nxd5 26. f5 Re8 27. fxe6
Rxe6 28. Rxe6 fxe6 29. Re1 Nf4 30. Be4 Bd5 31. Bxd5 exd5 32. Nf5 Ng6 33. Ne7+
Nxe7 34. Rxe7 Rc8 35. Re2 Rc5 36. Kg1 Ra5 37. Kf2 Rxa2 38. b3 Ra1 39. Rd2 Rc1
40. Ke3 Rf1 41. Rxd5 Kf7 42. Rd7+ Kf8 43. Rd4 Rc1 44. Kd3 a5 45. Rd5 Ra1 46.
Kc4 Ra2 47. Rd2 Ke7 48. Kb5 Ke6 49. Kc4 Ke5 50. Kd3 Ra1 51. Ke2 g5 52. Kd3 h5
53. Kc4 Kf4 54. Kb5 Ra2 55. Kc4 Ke3 56. Rd3+ Kf2 57. Rd5 g4 58. Rxh5 Kxg2 59.
Kb5 Kf3 60. Rc5 Kg2 61. Rc4 Kh3 62. Kb6 Ra1 63. Kb5 Ra2 64. Kb6 Ra1 65. Kb5 Ra2
66. Kb6 1/2-1/2

[Event "Quebec op"]
[Site "Montreal CAN"]
[Date "2023.07.30"]
[Round "3.18"]
[White "Di Matteo, Alessio"]
[Black "Singher, Jean-Pierre"]
[Result "1-0"]
[WhiteElo "1677"]
[BlackElo "1934"]
[PlyCount "83"]
[EventDate "2023.07.29"]
[EventType "swiss"]
[EventRounds "9"]
[EventCountry "CAN"]

1. d4 d5 2. c4 e6 3. Nc3 Nf6 4. cxd5 exd5 5. Bg5 Be7 6. e3 O-O 7. Bd3 c6 8. Qc2
Nbd7 9. Nge2 Re8 10. O-O h6 11. Bh4 Nh5 12. Bxe7 Qxe7 13. Rae1 Ndf6 14. Nc1 Bd7
15. f3 c5 16. dxc5 Qxc5 17. Nb3 Qb6 18. Qf2 g6 19. g4 Ng7 20. h4 Re5 21. Re2
Rae8 22. Nd4 Ne6 23. Nxe6 Qxe6 24. Rfe1 Nxg4 25. fxg4 Qxg4+ 26. Kf1 Bf5 27. Bb5
R8e6 28. Qf4 a6 29. Bd7 Qh3+ 30. Kg1 Re7 31. Rh2 g5 32. hxg5 Qg4+ 33. Qxg4 Bxg4
34. Bxg4 Rxg5 35. Rg2 d4 36. Nd1 Kf8 37. e4 Rge5 38. Bf3 f5 39. Nf2 Ra5 40. a3
Rb5 41. Nd3 Rb3 42. Rd2 1-0

[Event "Quebec op"]
[Site "Montreal CAN"]
[Date "2023.07.30"]
[Round "3.19"]
[White "Peloquin, Charli"]
[Black "Berube, Maximilien"]
[Result "1/2-1/2"]
[WhiteElo "1791"]
[BlackElo "1655"]
[PlyCount "87"]
[EventDate "2023.07.29"]
[EventType "swiss"]
[EventRounds "9"]
[EventCountry "CAN"]

1. e4 c6 2. d4 d5 3. Nc3 dxe4 4. Nxe4 Nf6 5. Ng5 Bf5 6. Bc4 e6 7. Qe2 Nbd7 8.
h3 Bd6 9. g4 Bg6 10. h4 h6 11. N5h3 Qc7 12. Kf1 O-O-O 13. Be3 Rhe8 14. g5 hxg5
15. Nxg5 Nb6 16. Bd3 Bxd3 17. Qxd3 e5 18. Qf5+ Qd7 19. Qxd7+ Rxd7 20. N1f3 Ng4
21. Bc1 f6 22. dxe5 Nxe5 23. Nxe5 Bxe5 24. Nf3 Nc4 25. Rb1 Rd1+ 26. Kg2 Rxh1
27. Kxh1 Rd8 28. Nxe5 Rd1+ 29. Kg2 Nxe5 30. Ra1 Kd7 31. b3 Ke6 32. Bb2 Rd2 33.
Rc1 Nd3 34. cxd3 Rxb2 35. Re1+ Kd7 36. Re4 f5 37. Re5 Rxa2 38. Rxf5 Ke6 39. Rg5
Kf6 40. Rg4 Rb2 41. b4 Rb3 42. Rd4 Ke6 43. Rg4 Kf6 44. Rd4 1/2-1/2

[Event "Quebec op"]
[Site "Montreal CAN"]
[Date "2023.07.30"]
[Round "3.20"]
[White "Deboosere, Adam"]
[Black "Altafi, Ali Sina"]
[Result "1-0"]
[WhiteElo "1745"]
[BlackElo "1394"]
[PlyCount "111"]
[EventDate "2023.07.29"]
[EventType "swiss"]
[EventRounds "9"]
[EventCountry "CAN"]

1. c4 e5 2. g3 Nc6 3. Bg2 Nf6 4. Nc3 Bc5 5. e3 d6 6. Nge2 Bb6 7. O-O O-O 8. h3
Re8 9. Na4 Qe7 10. a3 Be6 11. Qc2 Rad8 12. d3 Nb8 13. Kh2 c6 14. Nxb6 axb6 15.
d4 e4 16. b3 d5 17. a4 Qc7 18. Nf4 Rc8 19. Ba3 Nbd7 20. Rac1 g5 21. Ne2 Bf5 22.
f4 g4 23. h4 Re6 24. Rfd1 Kg7 25. Bf1 h6 26. Nc3 dxc4 27. bxc4 b5 28. axb5 cxb5
29. Nxb5 Qa5 30. Qb2 Rec6 31. Ra1 Qb6 32. c5 Qd8 33. Na7 Nd5 34. Qd2 h5 35.
Rdb1 Qc7 36. Nxc8 Qxc8 37. Bc1 b6 38. Bb5 Rc7 39. c6 Nb8 40. Ra8 Ne7 41. d5
Nxd5 42. Qxd5 Kg6 43. Qd6+ Kh7 44. Bb2 Rd7 45. Qf6 Rd2+ 46. Kh1 Rxb2 47. Rxb2
Bg6 48. Rd2 Qh8 49. Qxh8+ Kxh8 50. c7 Kh7 51. cxb8=B Kg7 52. Be5+ f6 53. Rd7+
Kh6 54. Rh8+ Bh7 55. Rhxh7+ Kg6 56. Rdg7+ 1-0

[Event "Quebec op"]
[Site "Montreal CAN"]
[Date "2023.07.31"]
[Round "4.2"]
[White "Sambuev, Bator"]
[Black "Tanaka, Tyler"]
[Result "1-0"]
[WhiteElo "2457"]
[BlackElo "2297"]
[PlyCount "53"]
[EventDate "2023.07.29"]
[EventType "swiss"]
[EventRounds "9"]
[EventCountry "CAN"]

1. d4 d5 2. c4 e6 3. Nc3 Nf6 4. Bg5 Be7 5. e3 h6 6. Bh4 O-O 7. Nf3 b6 8. g4 Ne4
9. Bxe7 Qxe7 10. g5 hxg5 11. Rg1 Nxc3 12. bxc3 Nd7 13. Nxg5 Nf6 14. Qc2 c5 15.
O-O-O Ba6 16. Rg3 Rfc8 17. Kb1 cxd4 18. exd4 Bxc4 19. Bh3 Ne4 20. Rdg1 Qa3 21.
Nxe4 dxe4 22. Rxg7+ Kf8 23. Qd2 Bd5 24. Bxe6 Bxe6 25. d5 e3 26. dxe6 fxe6 27.
Qd7 1-0

[Event "Quebec op"]
[Site "Montreal CAN"]
[Date "2023.07.31"]
[Round "4.4"]
[White "Rozentalis, Eduardas"]
[Black "Batorshyn, Ilia"]
[Result "1/2-1/2"]
[WhiteElo "2496"]
[BlackElo "2014"]
[PlyCount "136"]
[EventDate "2023.07.29"]
[EventType "swiss"]
[EventRounds "9"]
[EventCountry "CAN"]

1. e4 c6 2. d3 d5 3. Nd2 e5 4. Ngf3 Bd6 5. g3 Nf6 6. Bg2 O-O 7. O-O Re8 8. c3
Nbd7 9. Qc2 Qc7 10. Re1 a5 11. Nh4 Nf8 12. Nf1 dxe4 13. dxe4 Ng6 14. Nf5 Bxf5
15. exf5 Nf8 16. Bg5 N8d7 17. Rad1 a4 18. h3 a3 19. b4 Be7 20. Qb3 h6 21. Bc1
Ra7 22. Ne3 b5 23. Bxa3 Rea8 24. Bb2 Rxa2 25. c4 R2a4 26. c5 R4a6 27. Nf1 Re8
28. Nd2 Bf8 29. Re2 Raa8 30. Rde1 Re7 31. Qd3 Ree8 32. Qf3 Rac8 33. Qb3 Re7 34.
Ra1 Ree8 35. Ne4 Nxe4 36. Bxe4 Ra8 37. Rae1 Be7 38. Qf3 Ra6 39. Bc2 Bf6 40. Bb3
Nf8 41. Qh5 Nh7 42. Bxe5 Bxe5 43. Rxe5 Rxe5 44. Rxe5 Nf6 45. Qe2 Ra7 46. Re3
Qd8 47. Qf3 Re7 48. Kg2 Rxe3 49. Qxe3 Kf8 50. g4 Qd7 51. Qe5 Qd3 52. Ba2 Qc2
53. Qd6+ Kg8 54. Qd8+ Kh7 55. Bxf7 Qe4+ 56. Kh2 Qe5+ 57. Kg2 Qe4+ 58. Kf1 Qb1+
59. Ke2 Qe4+ 60. Kd2 Qxb4+ 61. Kc2 Qa4+ 62. Kc1 Qa1+ 63. Kd2 Qb2+ 64. Ke1 Qb1+
65. Ke2 Qe4+ 66. Kd2 Qb4+ 67. Kc2 Qa4+ 68. Kb2 Qb4+ 1/2-1/2

[Event "Quebec op"]
[Site "Montreal CAN"]
[Date "2023.07.31"]
[Round "4.5"]
[White "Luksza, Arkadiusz"]
[Black "Perez Rodriguez, Luis Manuel"]
[Result "0-1"]
[WhiteElo "1991"]
[BlackElo "2328"]
[PlyCount "56"]
[EventDate "2023.07.29"]
[EventType "swiss"]
[EventRounds "9"]
[EventCountry "CAN"]

1. d4 d5 2. g3 Nf6 3. Bg2 c5 4. Nf3 cxd4 5. Nxd4 e5 6. Nb3 Nc6 7. O-O h6 8. Nc3
Be6 9. e3 Be7 10. h3 Qd7 11. Kh2 Rd8 12. Qe2 O-O 13. Rd1 Rfe8 14. Qf1 Nb4 15.
Rd2 Qc8 16. Qd1 Bf5 17. a3 Bxc2 18. Qh1 Bxb3 19. axb4 Bxb4 20. Re2 a5 21. Bd2
Qf5 22. Be1 d4 23. exd4 exd4 24. Ne4 d3 25. Nxf6+ Qxf6 26. Rxe8+ Rxe8 27. Bxb4
axb4 28. Re1 Rd8 0-1